000 00297nam a2200133 i 4500
001 bg
100 1 _aPOLAŃSKA, R.
245 0 _aTytan i jego stopy /
_cR. Polańska.
260 _aWarszawa,
_c1976.
040 _cBPK
041 _apol
942 _cKS
008 s pl f |000 0 pol
999 _c28246
_d28246
856 _uhttp://koha.tu.koszalin.pl/cgi-bin/koha/opac-detail.pl?biblionumber=28246
_yKatalog online BPK